000 01440nam a2200277Ia 4500
999 _c53002
_d53002
001 20033
003 GE_BSU
005 20250319171555.0
008 181216s2012||||ge |||||||||||||| ||geo||
020 _a978-9941-439-67-4
040 _cGE_BSU
041 _ageo
080 _a53(075.3) გ-27
100 _aგედენიძე, გიორგი
_924615
245 _aფიზიკა :
_bმე-11 კლ. სახელმძღვ. /
_cგიორგი გედენიძე, ეთერ ლაზარაშვილი ; რედ. : გვანცა გედენიძე, ნათია მამულაშვილი.
264 _aთბილისი :
_bინტელექტი,
_c2012.
300 _a143 გვ. ;
_c27 სმ.
500 _aწანართი : საქ. სახელმწ. ჰიმნი "თავისუფლება"
520 _aწანართი: საქ. სახელმწ. ჰიმნი "თავისუფლება
541 _h7 ლ.
653 _aფიზიკა : მე-11 კლ. სახელმძღვ.
700 _aლაზარაშვილი, ეთერ
_eავტორი
_924616
700 _aგედენიძე, გვანცა
_eრედაქტორი
_924617
700 _aმამულაშვილი, ნათია
_eრედაქტორი
_924618
942 _cBK
_2udc